000 007390000a22002890004500
005 20120907085528.0
082 _a420.141
_bW892
518 _a2008-10-16
530 _aM
100 _aCarter, Ronald
245 _aWorking with texts; a core introduction to language analysis
250 _a2nd ed.
020 _a0-415-23465-4
260 _aLondon
_bRoutledge, Great Britain
260 _c2001
300 _axviii, 342p.
_billus.
041 _aEng
500 _aIncludes bibliography: p.325-326
650 _aEnglish language
650 _aLangage and languages
650 _aWritten communication
650 _aNouns
650 _aVerbs
650 _aLanguage education
650 _aLanguage problems
942 _cGEN
999 _c45982
_d45982